000 00388nam a22001697a 4500
005 20160622100919.0
008 160622b xxu||||| |||| 00| 0 eng d
020 _a978-0-07-061193-1
041 _aeng
082 _b8865
100 _avohra, N.D
_92439
245 _aQuantitative Techniques in Management
260 _bTMH
300 _a995
650 _aManagement
_9241
942 _cBK
999 _c3462
_d3461